[Event "CRO-chT U20 29th"]
[Site "Cakovec"]
[Date "2020.07.19"]
[Round "11.2"]
[White "Tomulic, Teo"]
[Black "Topalic, Fran"]
[Result "1-0"]
[WhiteElo "2359"]
[BlackElo "1741"]
[PlyCount "53"]
[EventDate "2020.07.14"]
[EventType "team-tourn"]
[EventRounds "11"]
[EventCountry "CRO"]
[SourceTitle "CBM 197 Extra"]
[Source "ChessBase"]
[SourceDate "2020.09.30"]
[SourceVersion "1"]
[SourceVersionDate "2020.09.30"]
[SourceQuality "1"]
[WhiteTeam "Rijeka Junior U20"]
[BlackTeam "Osijek Ferit U20"]
[WhiteTeamCountry "CRO"]
[BlackTeamCountry "CRO"]

1. e4 e5 2. Nf3 Nc6 3. Bb5 a6 4. Ba4 Nf6 5. 0-0 Be7 6. Re1 b5 7. Bb3 d6 8. c3 0-0 9. h3 Bb7 10. d4 Re8 11. Nbd2 h6 12. Nf1 Bf8 13. Ng3 exd4 14. cxd4 Na5 15. Bc2 c5 16. d5 Rc8 17. Nf5 b4 18. Bf4 c4 19. N3d4 b3 20. axb3 Nxb3 21. Nxb3 cxb3 22. Bd3 Qb6 23. Ra3 Red8 24. Rxb3 Qa7 25. Be3 Qa8 26. Bd4 Nd7 27. Nxh6+ 1-0

[Event "CRO-chT U20 29th"]
[Site "Cakovec"]
[Date "2020.07.18"]
[Round "10.4"]
[White "Topalic, Fran"]
[Black "Levacic, Matej"]
[Result "0-1"]
[WhiteElo "1741"]
[BlackElo "2040"]
[PlyCount "82"]
[EventDate "2020.07.14"]
[EventType "team-tourn"]
[EventRounds "11"]
[EventCountry "CRO"]
[SourceTitle "CBM 197 Extra"]
[Source "ChessBase"]
[SourceDate "2020.09.30"]
[SourceVersion "1"]
[SourceVersionDate "2020.09.30"]
[SourceQuality "1"]
[WhiteTeam "Osijek Ferit U20"]
[BlackTeam "Zadar Casper U20"]
[WhiteTeamCountry "CRO"]
[BlackTeamCountry "CRO"]

1. e4 c6 2. Nf3 d5 3. Nc3 dxe4 4. Nxe4 Nf6 5. Ng3 c5 6. d4 cxd4 7. Qxd4 Qxd4 8. Nxd4 a6 9. Bc4 e6 10. 0-0 Be7 11. Rd1 0-0 12. Bf4 Bd7 13. Rd2 Nc6 14. Nxc6 Bxc6 15. Rad1 Nd5 16. Be5 Bg5 17. Re2 Nf4 18. Bxf4 Bxf4 19. Ne4 Rfd8 20. Rxd8+ Rxd8 21. f3 Rd1+ 22. Kf2 Bxh2 23. g3 Bg1+ 24. Kg2 Bb6 25. b3 Kf8 26. a4 Ke7 27. g4 Ba5 28. Kf2 Rh1 29. Kg2 Re1 30. Rxe1 Bxe1 31. Bd3 Ba5 32. Kf2 Bb6+ 33. Kg3 h6 34. Kh4 f5 35. gxf5 exf5 36. Nc3 Kf6 37. Kg3 g5 38. Bc4 Bc7+ 39. Kf2 Ke5 40. Bd3 h5 41. Ne2 Bb6+ 0-1

[Event "Osijek Baranja CupT 13th"]
[Site "Valpovo"]
[Date "2020.02.22"]
[Round "3.2"]
[White "Basrak, Srdjan"]
[Black "Topalic, Fran"]
[Result "1-0"]
[WhiteElo "2210"]
[BlackElo "1756"]
[PlyCount "41"]
[EventDate "2020.02.21"]
[EventType "team-swiss"]
[EventRounds "5"]
[EventCountry "CRO"]
[SourceTitle "EXT 2023"]
[Source "ChessBase"]
[SourceDate "2022.10.05"]
[SourceVersion "1"]
[SourceVersionDate "2022.10.05"]
[SourceQuality "1"]
[WhiteTeam "Belisce"]
[BlackTeam "Osijek Ferit II"]
[WhiteTeamCountry "CRO"]
[BlackTeamCountry "CRO"]

1. e4 e5 2. f4 exf4 3. Nf3 Nc6 4. Bc4 d6 5. d4 Be7 6. Bxf4 Nf6 7. Nc3 0-0 8. Qd2 a6 9. 0-0-0 b5 10. Bd3 Nb4 11. h3 Nxd3+ 12. Qxd3 c5 13. dxc5 dxc5 14. Qe3 Qb6 15. e5 Nh5 16. Nd5 Qb7 17. Bg5 f6 18. Bh4 c4 19. g4 Rd8 20. Nxe7+ Qxe7 21. Rxd8+ 1-0

[Event "Valpovo op U20 13th rap"]
[Site "Valpovo"]
[Date "2016.12.09"]
[Round "2"]
[White "Topalic, Fran"]
[Black "Dabic, Stjepan"]
[Result "0-1"]
[WhiteElo "1487"]
[BlackElo "1840"]
[PlyCount "74"]
[EventDate "2016.12.09"]
[EventType "swiss (rapid)"]
[EventRounds "7"]
[EventCountry "CRO"]
[SourceTitle "EXT 2019"]
[Source "ChessBase"]
[SourceDate "2018.10.10"]
[SourceVersion "1"]
[SourceVersionDate "2018.10.10"]
[SourceQuality "1"]

1. e4 c5 2. Nf3 d6 3. d4 cxd4 4. Nxd4 Nf6 5. Nc3 g6 6. Be3 Bg7 7. Be2 0-0 8. f3 Nc6 9. Qd2 Bd7 10. 0-0-0 Rc8 11. g4 Ne5 12. h4 Qa5 13. Kb1 Nc4 14. Bxc4 Rxc4 15. Bh6 Nxe4 16. Nxe4 Qxd2 17. Bxd2 Rxd4 18. Be3 Rxd1+ 19. Rxd1 b6 20. Rd3 f5 21. gxf5 Bxf5 22. a3 Bxe4 23. fxe4 Bf6 24. Bh6 Rc8 25. Bg5 Bxg5 26. hxg5 Rc5 27. Rg3 Re5 28. Rg4 Kg7 29. Kc1 h5 30. gxh6+ Kxh6 31. Kd2 Kh5 32. Rf4 g5 33. Rf5 Rxf5 34. exf5 Kg4 35. Ke3 Kxf5 36. Kf3 d5 37. c3 e5 0-1